Introduction to real property gains taxation in Malaysia

Bibliographic Details
Main Author: Subramaniam, Arjunan (Author)
Format: Book
Published: Kuala Lumpur : Malayan Law , 1982
Subjects:

MARC

LEADER 00000cam a2200000 7i4500
001 0000002677
005 20021118093000.0
008 021118n
090 0 0 |a HJ4396.6   |b .S8 1982 
100 0 |a Subramaniam, Arjunan ,   |e author 
245 0 0 |a Introduction to real property gains taxation in Malaysia   |c by Arjunan Subramaniam 
260 2 |a Kuala Lumpur :   |b Malayan Law ,   |c 1982 
300 |a x, 121 p. ; ;   |c 26 cm. 
500 |a Includes index 
504 |a Biblioraphy: p. x 
650 0 |a Real property tax   |b law and legislation   |z Malaysia 
650 0 |a Real property tax   |z Malaysia 
999 |a 1000040978   |b Book   |c Reference   |e Gong Badak Campus 
999 |a 1000040979   |b Book   |c Reference   |e Gong Badak Campus 
999 |a 1000040980   |b Book   |c Reference   |e Gong Badak Campus